| 000 | 00663cam a2200229 4500500 | ||
|---|---|---|---|
| 005 | 20260405001056.0 | ||
| 041 | _afre | ||
| 042 | _adc | ||
| 100 | 1 | 0 |
_aDuval, Jean-François _eauthor |
| 245 | 0 | 0 | _aEt vous, êtes-vous normal? |
| 260 | _c2011. | ||
| 500 | _a47 | ||
| 690 | _aAlexandre Jollien | ||
| 690 | _aCanguilhem | ||
| 690 | _aGuillaume Le Blanc | ||
| 690 | _aMarginalité | ||
| 690 | _aModernité | ||
| 690 | _aMoeurs | ||
| 690 | _aNormalité | ||
| 786 | 0 | _nPhilosophie magazine | 47 | 3 | 2011-03-01 | p. 26-26 | 1951-1787 | |
| 856 | 4 | 1 | _uhttps://shs.cairn.info/magazine-philosophie-magazine-2011-3-page-26?lang=fr&redirect-ssocas=7080 |
| 999 |
_c2043829 _d2043829 |
||